00554 2200205 4500001002100000005001500021035002000036007000300056008004100059082001000100084001600110100001500126245006900141260003900210300001600249650002400265020002200289856002100311990001600332INLIS00000000000798720251220110940 a0010-1225000336ta251220 0 ind  a618.2 a618.2 RIS p0 aRismalinda1 aPelayanan kebidanan komplementer pada ibu dan anak /cRismalinda aJakarta :bTRANS INFO MEDIA,c2024 a232 ;c21cm 4aPelayanan kebidanan a978-602-202-447-7 aAlumni Kebidanan a00000013486